000 00549nam a2200205 a 4500
001 0001-1530
003 ELIB.Books
008 170522 2010 eng
020 _a9780785263500
092 _a153.85
_bMAX
100 _aMaxwell, John C.
245 _aAttitude 101
_bWhat Every Leader Needs To Know
260 _aNashville
_bThomas Nelson
_c2003
300 _a100
_c16.2 cm
650 _aSuccess-Psychological Aspects
942 _2ddc
_cBK
990 _a1
998 _aEnglishbooks.elf
_ccat
_e2017-05-22
999 _c11530
_d11530